| 000 | 00629nam a22002057a 4500 | ||
|---|---|---|---|
| 001 | 00028757 | ||
| 005 | 20260413101336.0 | ||
| 008 | 260413b ag ||||| |||| 00| 0 spa d | ||
| 020 | _a9789870416616 | ||
| 040 |
_aAR-CcCEOS _bspa _cAR-CcCEOS |
||
| 080 | _a502 | ||
| 090 | _bCIE v.5 | ||
| 245 |
_aLa enciclopedia del estudiante : _bCiencias de la tierra y el universo |
||
| 250 | _a1ª ed. | ||
| 260 |
_aBuenos Aires : _bAguilar, _c2011. |
||
| 300 |
_av. 5, 320 p. ; _c28x20 cm. |
||
| 490 | _vLa enciclopedia del Estudiante ; 5 | ||
| 655 | 0 |
_aenciclopedias _vmaterial auxiliar para la enseñanza _91047 |
|
| 942 |
_2udc _cBK _n0 |
||
| 999 |
_c28792 _d28792 |
||